000 00302nam a2200121Ia 4500
008 190216s9999||||xx |||||||||||||| ||und||
100 _a"Murray R Spiegel,Larry J Stephens"
245 0 _aStatistics
260 _bTata Mcgrawhill Publishers
_c2010
300 _a562
650 _aStatistics
942 _cBK
999 _c37243
_d37243